Normal view MARC view

Entry Personal Name

Number of records used in: 1

001 - CONTROL NUMBER

  • control field: 1666

003 - CONTROL NUMBER IDENTIFIER

  • control field: DLC

005 - DATE AND TIME OF LATEST TRANSACTION

  • control field: 20200130140829.0

008 - FIXED-LENGTH DATA ELEMENTS

  • fixed length control field: 060106n| acannaabn |n aaa

010 ## - LIBRARY OF CONGRESS CONTROL NUMBER

  • LC control number: n 2006001023

040 ## - CATALOGING SOURCE

  • Original cataloging agency: DLC
  • Language of cataloging: eng
  • Transcribing agency: DLC
  • Modifying agency: DLC

100 1# - HEADING--PERSONAL NAME

  • Personal name: Richards, Charles L.

670 ## - SOURCE DATA FOUND

  • Source citation: Richards, Charles L. Karmic relationships, c2002:
  • Information found: t.p. (Charles L. Richards, Ph. D.) inside jkt. flap (Charles L. Richards, Ph. D.; licensed psychotherapist)

670 ## - SOURCE DATA FOUND

  • Source citation: The psychology of wealth, c2012:
  • Information found: ECIP t.p. (Charles Richards)

670 ## - SOURCE DATA FOUND

  • Source citation: Email from publisher, Oct. 13, 2011:
  • Information found: (b. 07/04/1953; Charles Lewis Richards)

Powered by Koha